00436nam a2200121 a 4500008004100000050001300041100002100054245011200075260003900187350000900226650006400235710001500299120416s2003 ||||||||||||||||| || u aIBRD(02) aHonohan, Patrick10aTaxation of financial intermediation: theory and practice for emerging economiescedited by Patrick Honohan aWashington, D.C.bWorld Bankc2003 a0.00 aFINANCIAL SERVICES INDUSTRY--TAXATION--DEVELOPING COUNTRIES aWorld Bank